000
00328nam a2200145Ia 4500
005
20251222152656.0
008
251222s9999||||xx |||||||||||||| ||spa||
020
_a
8430570411
082
_a
818.41/M32
100
_a
May Alcott, Luisa
245
0
_a
Los Muchachos de Jo
250
_a
1ra. ed.
264
_b
Sueta
942
_c
LIB
999
_c
28654
_d
28654